000 00873nam a2200217Ii 4500
003 JO-AjNU
008 230605s9999||||xx |||||||||||||| ||und||
017 _a2002/7/1658
040 _aJO-AjNU
_bara
_erda
_cJO-AjNU
041 _aara
050 1 4 _aHF5681.B2.H3992 2002
100 3 _aتأليف: الحيالي، وليد ناجي /م.مشارك: بدر محمد علوان,
_eauthor
_927587
245 0 0 _aالمحاسبة المالية في القياس والاعتراف والافصاح المحاسبي، ج2
250 _aط1
264 3 1 _aعمان: مؤسسة الوراق للنشر والتوزيع، 2002
300 _aج2، 399ص
_bيحتوي على ببلوغرافية من ص335-339ص
336 _atext
_btxt
_2rdacontent
337 _aunmediated
_bn
_2rdamedia
338 _avolume
_bnc
_2rdacarrier
650 4 _aالمحاسبة المالية
_927588
999 _aA10598
_c14166
_d14166